200 célébrités américaines - Statistiques

Statistiques générales
  • Ce quiz a été pris 623 fois
  • Le résultat moyen est 25 sur 200
Statistiques - réponses
Réponse % Correct
Cardi B
88%
Beyoncé
64%
Taylor Swift
58%
Jay Z
57%
Rihanna
57%
Brad Pitt
55%
Kim Kardashian
54%
Leonardo DiCaprio
53%
Ariana Grande
51%
Lady Gaga
41%
Selena Gomez
41%
Angelina Jolie
38%
Drake
35%
Katy Perry
35%
Tom Cruise
35%
Eminem
34%
Will Smith
34%
Johnny Depp
33%
Kanye West
32%
Nicki Minaj
32%
Zendaya
32%
Tom Holland
30%
Britney Spears
29%
Billie Eilish
28%
Jennifer Aniston
28%
Dwayne Johnson
26%
Lebron James
26%
Madonna
26%
Sabrina Carpenter
26%
Jennifer Lopez
24%
Tom Hanks
24%
Bruno Mars
23%
Emma Stone
22%
Jennifer Lawrence
22%
Michael Jordan
22%
Olivia Rodrigo
22%
Samuel L Jackson
22%
Hailey Bieber
21%
Lana Del Ray
20%
Scarlett Johansson
20%
George Clooney
19%
Julia Roberts
19%
Kendrick Lamar
19%
Miley Cyrus
19%
Robert Downey Jr.
19%
50 cent
18%
Chris Evans
18%
Doja Cat
18%
Elon Musk
17%
Robert de Niro
17%
Justin Timberlake
16%
Bruce Willis
15%
Dr Dre
15%
Jenna Ortega
15%
Logan Paul
15%
Mariah Carey
15%
Natalie Portman
15%
Serena Williams
15%
Al Pacino
14%
Bella Hadid
14%
Megan Fox
14%
Meryl Streep
14%
Morgan Freeman
14%
Venus Williams
14%
Blake Lively
13%
Jada Smith
13%
Matt Damon
13%
Pharrel Williams
13%
Snoop Dogg
13%
Stephen Curry
13%
Steven Spielberg
13%
Alicia Keys
12%
Christina Aguilera
12%
Demi Lovato
12%
Jesse Williams
12%
Vin Diesel
12%
Clint Eastwood
11%
MrBeast
11%
Sylvester Stallone
11%
Ben Affleck
10%
Lil Wayne
10%
Oprah Winfrey
10%
Pink
10%
Usher
10%
Cameron Diaz
9%
Charli d'Amelio
9%
Ellen DeGeneres
9%
Harrison Ford
9%
Kevin Hart
9%
Kristen Stewart
9%
Mark Zuckerberg
9%
Nicole Kidman
9%
Paris Hilton
9%
Quentin Tarantino
9%
Courteney Cox
8%
Demi Moore
8%
Eva Longoria
8%
Ice Spice
8%
Jason Statham
8%
Ryan Raynolds
8%
Tim Burton
8%
Eddie Murphy
7%
John Cena
7%
Sandra Bullock
7%
Zac Efron
7%
Bill Gates
6%
Charlize Theron
6%
Ian Somerhalder
6%
Kevin Durant
6%
Madison Beer
6%
Matt Leblanc
6%
Nikki Cox
6%
Paul Wesley
6%
Adisson Rae
5%
Amber Heard
5%
Arnold Schwarzenegger
5%
Avril Lavigne
5%
Jeff Bezos
5%
Joe Jonas
5%
Lily Collins
5%
Sean Penn
5%
Shemar Moore
5%
Akon
4%
Anna Hathaway
4%
Halle Berry
4%
Ice Cube
4%
Jodie Foster
4%
Kevin Costner
4%
Lindsay Lohan
4%
Lizzo
4%
Mila Kunis
4%
Sarah Jessica Parker
4%
Taylor Lautner
4%
Tiger Woods
4%
Viola Davis
4%
Woody Allen
4%
Chandra Wilson
3%
Diana Ross
3%
Ellen Pompeo
3%
Francis Ford Coppola
3%
IShowSpeed
3%
Lucy Hale
3%
Martin Scorsese
3%
Michael Phelps
3%
Patrick Dempsey
3%
Paul Rudd
3%
Reese Witherspoon
3%
Stevie Wonder
3%
Alyssa Milano
2%
Anthony Mackie
2%
Ashley Olsen
2%
Ashley Tisdale
2%
Bella Thorne
2%
Fergie
2%
Gwen Stefani
2%
Kat Graham
2%
Katie Holmes
2%
Kendall Janner
2%
Kylie Janner
2%
Noah Schnapp
2%
Pen Badgley
2%
Pierce Brosnan
2%
Vanessa Hudgens
2%
Wentworth Miller
2%
Bryan Cranston
1%
Coco Gauff
1%
Damon Wayans
1%
Daniel Stern
1%
Eric Dane
1%
Frankie Muniz
1%
Jason Momoa
1%
Jeremy Renner
1%
Macaulay Culkin
1%
Megan Tree Stallion
1%
Missy Elliott
1%
Rose McGowan
1%
Shannen Doherty
1%
Stephen Lang
1%
Steve Carell
1%
Terrence Howard
1%
Thomas Gibson
1%
Thyrese Gibson
1%
Tyra Banks
1%
Cameron Monaghan
0%
Christina Milian
0%
Emma Greenwell
0%
Gloria Gaynor
0%
Jack Falahee
0%
Jane Levy
0%
Jeff Dunham
0%
Josh Duhamel
0%
Joshua Bassett
0%
Justin Chambers
0%
Kate Walsh
0%
Katherine Heigl
0%
Mary Kate Oslen
0%
Robert Knepper
0%
Steve Howey
0%
Toni Braxton
0%
Xzibit
0%
Aucun quiz correspondant
Distribution des résultats
% des personnes avec chaque résultat
Percentile par nombre de réponses
Votre historique - résultats
Vous n’avez pas pris ce quiz